Online
Catalog

Las obligaciones / (Record no. 50964)

MARC details
000 -CABECERA
campo de control de longitud fija 01596nam a22004217a 4500
003 - IDENTIFICADOR DEL NÚMERO DE CONTROL
campo de control DO-SdBNP
005 - FECHA Y HORA DE LA ÚLTIMA TRANSACCIÓN
campo de control 20260330104332.0
007 - CAMPO FIJO DE DESCRIPCIÓN FÍSICA--INFORMACIÓN GENERAL
campo de control de longitud fija ta
008 - DATOS DE LONGITUD FIJA--INFORMACIÓN GENERAL
campo de control de longitud fija 211115b2017 a|||e |||| 001 0dspa d
020 ## - NÚMERO INTERNACIONAL ESTÁNDAR DEL LIBRO
Número Internacional Estándar del Libro 9789945580471
040 ## - FUENTE DE LA CATALOGACIÓN
Centro catalogador/agencia de origen DO-SdBNP
Lengua de catalogación spa
Centro/agencia transcriptor BNPHU
082 4# - NÚMERO DE LA CLASIFICACIÓN DECIMAL DEWEY
Número de edición 22
Número de clasificación 323.65
Número de documento/Ítem H557o
100 10 - ENTRADA PRINCIPAL--NOMBRE DE PERSONA
Nombre de persona Hernández, Pedro Pablo
9 (RLIN) 10463
245 10 - MENCIÓN DE TÍTULO
Título Las obligaciones /
Mención de responsabilidad, etc. Pedro Pablo Hernández ; Lennys Tejada Betancourt
250 ## - MENCIÓN DE EDICIÓN
Mención de edición 2da.
260 ## - PUBLICACIÓN, DISTRIBUCIÓN, ETC.
Lugar de publicación, distribución, etc. Santiago de los Caballeros, Rep. Dom. :
Nombre del editor, distribuidor, etc. UAPA,
Fecha de publicación, distribución, etc. 2017.
300 ## - DESCRIPCIÓN FÍSICA
Extensión 300 p. :
Otras características físicas il.;
Dimensiones 27 cm.
490 ## - MENCIÓN DE SERIE
Mención de serie Autoaprendizaje ;
Designación de volumen o secuencia v.6
504 ## - NOTA DE BIBLIOGRAFÍA, ETC.
Nota de bibliografía, etc. Bibliografía : p. 297-300.
505 ## - NOTA DE CONTENIDO CON FORMATO
Nota de contenido con formato Unidad I. La obligacion.
505 ## - NOTA DE CONTENIDO CON FORMATO
Nota de contenido con formato Unidad II. El acto jurídico y su clasificación.
505 ## - NOTA DE CONTENIDO CON FORMATO
Nota de contenido con formato Unidad III. Requisitos del contrato y las nulidades.
505 ## - NOTA DE CONTENIDO CON FORMATO
Nota de contenido con formato Unidad IV. Efecto del contrato y efecto del vínculo crediticio.
505 ## - NOTA DE CONTENIDO CON FORMATO
Nota de contenido con formato Unidad V. Extinción del crédito.
505 ## - NOTA DE CONTENIDO CON FORMATO
Nota de contenido con formato Unidad VI. Interpretación de los contratos y pruebas de las obligaciones.
505 ## - NOTA DE CONTENIDO CON FORMATO
Nota de contenido con formato Unidad VII. Los cuasicontratos y el cumplimiento de las obligaciones.
505 ## - NOTA DE CONTENIDO CON FORMATO
Nota de contenido con formato Unidad VIII. La contraescritura y simulación.
590 ## - NOTA LOCAL (RLIN)
Nota local Inventariado, 2021 / SA
650 40 - PUNTO DE ACCESO ADICIONAL DE MATERIA--TÉRMINO DE MATERIA
Término de materia o nombre geográfico como elemento de entrada Obligaciones (Derecho)
9 (RLIN) 21560
650 40 - PUNTO DE ACCESO ADICIONAL DE MATERIA--TÉRMINO DE MATERIA
Término de materia o nombre geográfico como elemento de entrada Actos ilícitos
9 (RLIN) 80630
650 40 - PUNTO DE ACCESO ADICIONAL DE MATERIA--TÉRMINO DE MATERIA
Término de materia o nombre geográfico como elemento de entrada Actos ilícitos
9 (RLIN) 80630
650 40 - PUNTO DE ACCESO ADICIONAL DE MATERIA--TÉRMINO DE MATERIA
Término de materia o nombre geográfico como elemento de entrada Obligaciones (Derecho)
Subdivisión general Contratos
9 (RLIN) 80631
650 40 - PUNTO DE ACCESO ADICIONAL DE MATERIA--TÉRMINO DE MATERIA
Término de materia o nombre geográfico como elemento de entrada Contratos
9 (RLIN) 40217
700 1# - PUNTO DE ACCESO ADICIONAL--NOMBRE DE PERSONA
Nombre de persona Tejada Betancourt, Lennys
Término indicativo de función/relación editor
9 (RLIN) 79591
700 1# - PUNTO DE ACCESO ADICIONAL--NOMBRE DE PERSONA
Nombre de persona Hernández, Luisa
Término indicativo de función/relación Corrección y estilo
9 (RLIN) 66105
910 ## - DATOS DE OPCIÓN DEL USUARIO (OCLC)
Datos de opción del usuario Saquino
942 ## - ELEMENTOS DE PUNTO DE ACCESO ADICIONAL (KOHA)
Fuente del sistema de clasificación o colocación Dewey Decimal Classification
Tipo de ítem Koha Libro
Holdings
Estado de retiro Estado de pérdida Fuente del sistema de clasificación o colocación Restricciones de uso No para préstamo Código de colección Localización permanente Ubicación/localización actual Ubicación en estantería Fecha de adquisición Fuente de adquisición Total de préstamos Signatura topográfica completa Código de barras Fecha visto por última vez Número de copia Precio válido a partir de Tipo de ítem Koha Nota pública
    Dewey Decimal Classification   Préstamo en sala Monografías: Libros y Folletos Biblioteca Nacional Pedro Henríquez Ureña Dominicana En catalogación 21.03.2019 Donado   BNPHU DS 323.65 H557o 2021-28118 15.11.2021 v.6, e.3 15.11.2021 Libro S/A
    Dewey Decimal Classification Excluido de préstamo   Monografías: Libros y Folletos Biblioteca Nacional Pedro Henríquez Ureña Patrimonio Dominicano En catalogación 21.03.2019 Donado   BNPHU PD 323.65 H557o 2021-28116 15.11.2021 v.6 15.11.2021 Libro S/A
    Dewey Decimal Classification Excluido de préstamo   Monografías: Libros y Folletos Biblioteca Nacional Pedro Henríquez Ureña Patrimonio Dominicano En catalogación 21.03.2019 Donado   BNPHU PD 323.65 H557o 2021-28117 15.11.2021 v.6, e.2 15.11.2021 Libro S/A

Powered by Koha